Science Quiz

Random Science or Color Quiz
Score 0/20 Timer 04:00
12 Plays Today
% Correct
Giant Panda
95.5%
California Kingsnake
95.2%
Plains Zebra
95.1%
Dalmatian
94.8%
White Stork
92.9%
Orca
91.9%
Striped Skunk
91.2%
Adelie Penguin
90.3%
European Badger
89.4%
Long Legged Namib Beetle
85%
% Correct
Ruffed Lemur
83.9%
Malayan Tapir
80.9%
Dall's Porpoise
78.3%
Black-and-White Warbler
73.7%
Sooty Tern
66.6%
Black-and-White Colobus
66.1%
Banded Alder Borer
62.7%
Zebra Longwing
62.6%
Razorbill
60.5%
Paper Kite
58.8%

You're not logged in!

Compare scores with friends on all Sporcle quizzes.
OR
Log In

Sporcle TV

Today on Sporcle TV


Watch our educational content, quiz creation guides, and fun videos on Sporcle TV.

Show Comments

Extras

Top Quizzes Today


Score Distribution

Paid Content

Your Account Isn't Verified!

In order to create a playlist on Sporcle, you need to verify the email address you used during registration. Go to your Sporcle Settings to finish the process.

Report this User

Report this user for behavior that violates our Community Guidelines.

Details: